| 000 | 00658nam a2200217Ia 4500 | ||
|---|---|---|---|
| 003 | IN-BaIIA | ||
| 008 | 211028s9999 xx 000 0 eng d | ||
| 020 | _a0-7354-0026-1 | ||
| 040 | _cIIA Library | ||
| 080 |
_a524.834 _bREL |
||
| 245 | 0 |
_aRelativistic astrophysics _cedited by J. Craig Wheeler and Hugo Martel |
|
| 260 |
_aMelville _bAmerican Institute of Physics _c2001 |
||
| 300 | _axix, 938p. | ||
| 490 | _aAIP conference proceedings; v. 586 | ||
| 650 | _aCosmology | ||
| 650 |
_aNeutron stars _97729 |
||
| 650 |
_aRelativistic astrophysics _96801 |
||
| 700 |
_aMartel, Hugo., ed. _925684 |
||
| 700 |
_aWheeler, J Craig, ed. _911807 |
||
| 942 | _cBK | ||
| 999 |
_c14458 _d14458 |
||